| 000 | 00378nam a2200169Ia 4500 | ||
|---|---|---|---|
| 008 | 210210b1947 xxu||||| |||| 00| 0 eng d | ||
| 041 | _aeng | ||
| 082 | _a532/63 | ||
| 100 | _aNOAKES (G R) | ||
| 245 | _aTextbook of heat | ||
| 260 |
_aLondon _bMacmillan & Co. Ltd. _c1947 |
||
| 300 | _avi,469 | ||
| 650 | _aTextbook | ||
| 650 | _aheat | ||
| 690 | _aHeat | ||
| 906 | _a008428 | ||
| 999 |
_c126317 _d126317 |
||